[Event "Litomysl op 14th"]
[Site "Litomysl"]
[Date "2012.12.26"]
[Round "1"]
[White "Tischer, Jana"]
[Black "Szumilas, Piotr"]
[Result "0-1"]
[WhiteElo "1876"]
[BlackElo "2204"]
[PlyCount "38"]
[EventDate "2012.12.26"]
[EventType "swiss"]
[EventRounds "9"]
[EventCountry "CZE"]
[SourceTitle "EXT 2014"]
[Source "ChessBase"]
[SourceDate "2013.11.20"]
[SourceVersion "1"]
[SourceVersionDate "2013.11.20"]
[SourceQuality "1"]

1. e4 c6 2. d4 d5 3. exd5 cxd5 4. c4 Nf6 5. Nc3 Nc6 6. Nf3 e6 7. Be2 Bb4 8. 0-0 dxc4 9. Bxc4 0-0 10. Bg5 Na5 11. Be2 b6 12. Ne4 Be7 13. Nxf6+ Bxf6 14. Bxf6 Qxf6 15. Rc1 Bb7 16. Qa4 Rac8 17. Ne5 Rxc1 18. Rxc1 Qg5 19. Rc6 Nxc6 0-1

[Event "GER-chT Lands U20"]
[Site "Dresden"]
[Date "2008.11.16"]
[Round "4.4"]
[White "Tischer, Jana"]
[Black "Tiemann, Christoph"]
[Result "0-1"]
[WhiteElo "1709"]
[BlackElo "2022"]
[PlyCount "74"]
[EventDate "2008.11.14"]
[EventType "team-swiss"]
[EventRounds "7"]
[EventCountry "GER"]
[SourceTitle "EXT 2010"]
[Source "ChessBase"]
[SourceDate "2010.11.25"]
[SourceVersion "1"]
[SourceVersionDate "2010.11.25"]
[SourceQuality "1"]
[WhiteTeam "Thueringen"]
[BlackTeam "Baden"]
[WhiteTeamCountry "GER"]
[BlackTeamCountry "GER"]

1. e4 c5 2. Nc3 d6 3. f4 g6 4. Nf3 Bg7 5. Bc4 Nc6 6. 0-0 Nf6 7. d3 0-0 8. Qe1 e6 9. a3 d5 10. Ba2 Nd4 11. e5 Nxc2 12. Qd1 Nxa1 13. exf6 Bxf6 14. Bd2 b5 15. Qxa1 b4 16. axb4 cxb4 17. Nd1 a5 18. Ne5 Ba6 19. Nf2 Qd6 20. Qe1 Bg7 21. Qe3 Rac8 22. Bb1 f6 23. Nf3 e5 24. fxe5 fxe5 25. Ng4 e4 26. Nh4 Rxf1+ 27. Kxf1 Rf8+ 28. Kg1 Bxd3 29. Bxd3 exd3 30. Qxd3 Qc5+ 31. Be3 Qc4 32. Qd1 Bxb2 33. h3 b3 34. Qb1 Qc2 35. Qe1 Bc3 36. Qg3 b2 37. Nh6+ Kh8 0-1

[Event "Thueringen-ch"]
[Site "Finsterbergen"]
[Date "2008.03.20"]
[Round "2"]
[White "Tischer, Jana"]
[Black "Kirschbaum, Gunnar"]
[Result "1/2-1/2"]
[WhiteElo "1867"]
[BlackElo "2160"]
[PlyCount "180"]
[EventDate "2008.03.19"]
[EventType "swiss"]
[EventRounds "9"]
[EventCountry "GER"]
[SourceTitle "CBM 123 Extra"]
[Source "ChessBase"]
[SourceDate "2008.05.06"]
[SourceVersion "1"]
[SourceVersionDate "2008.05.06"]
[SourceQuality "1"]

1. e4 d6 2. d4 Nf6 3. Nc3 g6 4. Nf3 Bg7 5. Be3 0-0 6. Qd2 Re8 7. Bc4 c6 8. 0-0-0 b5 9. Bd3 Bg4 10. Bh6 Bh8 11. Qe3 Qa5 12. Kb1 Nbd7 13. h3 Bxf3 14. Qxf3 Nb6 15. e5 Nfd5 16. e6 Nxc3+ 17. bxc3 fxe6 18. Qg4 Bf6 19. Qxe6+ Kh8 20. Qb3 Nd5 21. Bd2 Rab8 22. c4 bxc4 23. Bxa5 cxb3 24. axb3 Bxd4 25. Bxg6 hxg6 26. Rxd4 Rf8 27. f3 Rf5 28. Kb2 Kg7 29. Re1 Kf7 30. Bd2 Nb6 31. h4 a5 32. Bg5 Rb7 33. Rde4 Nc8 34. f4 Rfb5 35. g4 Rb4 36. Rxb4 axb4 37. h5 gxh5 38. gxh5 Nb6 39. Ra1 Rb8 40. Ra7 Nd5 41. Kc1 Rb5 42. h6 Rb8 43. Kd2 Rh8 44. Kd3 Nf6 45. Rc7 c5 46. Ke2 Rh7 47. Kf3 Kg6 48. Kg3 Ng8 49. Kf3 Rf7 50. Ke4 Nf6+ 51. Kf3 Kf5 52. Kg3 Rh7 53. Kh4 Nd5 54. Ra7 Kg6 55. Ra8 Rf7 56. Kg3 Ne3 57. Re8 Nxc2 58. Rxe7 Rxe7 59. Bxe7 Nd4 60. Kg4 Nf5 61. h7 Nh6+ 62. Kf3 Kxh7 63. Bxd6 c4 64. bxc4 b3 65. Be5 Nf7 66. Bd4 Nd6 67. c5 Nb5 68. Be5 Kg6 69. Ke4 Kf7 70. Kd3 Ke6 71. Kc4 Na7 72. Kxb3 Kd5 73. Kb4 Nc6+ 74. Kb5 Ne7 75. Kb6 Nc6 76. Bd6 Nd4 77. Kb7 Nf5 78. Kc7 Nd4 79. Kd7 Nf5 80. Bf8 Nd4 81. f5 Nxf5 82. c6 Ne3 83. c7 Nc4 84. Kc8 Kc6 85. Kb8 Nb6 86. Bg7 Nd7+ 87. Kc8 Nb6+ 88. Kd8 Kb7 89. Bd4 Nc8 90. Be3 Ne7 1/2-1/2

[Event "GER-ch U18 Girls"]
[Site "Willingen"]
[Date "2007.05.27"]
[Round "2"]
[White "Dobrusina, Anna"]
[Black "Tischer, Jana"]
[Result "1-0"]
[WhiteElo "1542"]
[BlackElo "1862"]
[PlyCount "79"]
[EventDate "2007.05.26"]
[EventType "swiss"]
[EventRounds "9"]
[EventCountry "GER"]
[SourceTitle "CBM 118 Extra"]
[Source "ChessBase"]
[SourceDate "2007.07.04"]
[SourceVersion "1"]
[SourceVersionDate "2007.07.04"]
[SourceQuality "1"]

1. c4 f5 2. Nc3 Nf6 3. g3 g6 4. Bg2 Bg7 5. e3 0-0 6. Nge2 d6 7. 0-0 e5 8. d4 c6 9. b4 Be6 10. c5 e4 11. a4 Nd5 12. Ba3 dxc5 13. bxc5 Rf7 14. Qc2 Na6 15. Rfb1 Qa5 16. Nxd5 Bxd5 17. Rb2 b6 18. cxb6 axb6 19. Nf4 Rc7 20. Nxd5 cxd5 21. Qb3 Rc4 22. Qxb6 Rxa4 23. Qe6+ Kh8 24. Qe7 Nc7 25. Rb7 Rxa3 26. Rxa3 Qxa3 27. Rb8+ Rxb8 28. Qxa3 Bf8 29. Qa7 Rb1+ 30. Bf1 Ne6 31. Qd7 Ng5 32. Qd8 Nf3+ 33. Kg2 Kg7 34. Qxd5 Bb4 35. Qa2 Re1 36. Qb2 Bd2 37. d5+ Kf7 38. Qb7+ Kf6 39. d6 Rd1 40. Qe7# 1-0

[Event "GER-ch U18 Girls"]
[Site "Willingen"]
[Date "2006.06.08"]
[Round "8"]
[White "Schulze, Dorothee"]
[Black "Tischer, Jana"]
[Result "1/2-1/2"]
[WhiteElo "1946"]
[BlackElo "1835"]
[PlyCount "67"]
[EventDate "2006.06.03"]
[EventType "swiss"]
[EventRounds "9"]
[EventCountry "GER"]
[SourceTitle "EXT 2007"]
[Source "ChessBase"]
[SourceDate "2006.11.23"]
[SourceVersion "1"]
[SourceVersionDate "2006.11.23"]
[SourceQuality "1"]

1. e4 c5 2. Nf3 Nc6 3. d4 cxd4 4. Nxd4 Nf6 5. Nc3 e5 6. Ndb5 d6 7. Bg5 a6 8. Na3 b5 9. Bxf6 gxf6 10. Nd5 f5 11. c3 Bg7 12. exf5 Bxf5 13. Nc2 0-0 14. Nce3 Be6 15. Bd3 f5 16. Qh5 Ra7 17. g4 e4 18. Bc2 Bxd5 19. Nxd5 Ne7 20. 0-0-0 Nxd5 21. Rxd5 fxg4 22. Bxe4 Be5 23. Qxg4+ Rg7 24. Qe6+ Kh8 25. f3 Qg5+ 26. Kb1 Qe3 27. Qh3 Rf4 28. Rd3 Qe2 29. Rdd1 Rxe4 30. fxe4 Rg2 31. Qc8+ Kg7 32. Qd7+ Kg6 33. Qe6+ Kg7 34. Qe7+ 1/2-1/2

[Event "GER-ch U18 Girls"]
[Site "Willingen"]
[Date "2006.06.06"]
[Round "5"]
[White "Tischer, Jana"]
[Black "Janiesch, Maike"]
[Result "1-0"]
[WhiteElo "1835"]
[BlackElo "1637"]
[PlyCount "45"]
[EventDate "2006.06.03"]
[EventType "swiss"]
[EventRounds "9"]
[EventCountry "GER"]
[SourceTitle "EXT 2007"]
[Source "ChessBase"]
[SourceDate "2006.11.23"]
[SourceVersion "1"]
[SourceVersionDate "2006.11.23"]
[SourceQuality "1"]

1. e4 d6 2. d4 Nf6 3. Nc3 g6 4. Nf3 Bg7 5. Be3 0-0 6. Qd2 Ng4 7. Bg5 b6 8. 0-0-0 Bb7 9. h3 Nf6 10. Bd3 c5 11. dxc5 dxc5 12. e5 Nh5 13. Qe2 Qc7 14. g4 Bxe5 15. Qxe5 Qxe5 16. Nxe5 f6 17. gxh5 fxg5 18. f3 gxh5 19. Be4 Bxe4 20. Nxe4 h6 21. h4 Kg7 22. hxg5 hxg5 23. Rxh5 1-0

[Event "GER-ch U18 Girls"]
[Site "Willingen"]
[Date "2006.06.05"]
[Round "4"]
[White "Hafner, Katrin"]
[Black "Tischer, Jana"]
[Result "1-0"]
[WhiteElo "1565"]
[BlackElo "1835"]
[PlyCount "85"]
[EventDate "2006.06.03"]
[EventType "swiss"]
[EventRounds "9"]
[EventCountry "GER"]
[SourceTitle "EXT 2007"]
[Source "ChessBase"]
[SourceDate "2006.11.23"]
[SourceVersion "1"]
[SourceVersionDate "2006.11.23"]
[SourceQuality "1"]

1. e4 c5 2. Nf3 Nc6 3. d4 cxd4 4. Nxd4 Nf6 5. Nc3 e5 6. Ndb5 d6 7. Bg5 a6 8. Na3 b5 9. Bxf6 gxf6 10. Nd5 f5 11. c3 fxe4 12. Bxb5 axb5 13. Nxb5 Be6 14. Nbc7+ Kd7 15. Nxa8 Bxd5 16. Qxd5 Qxa8 17. Qxf7+ Ne7 18. 0-0 h5 19. Rfd1 Rh6 20. c4 Qe8 21. Qxe8+ Kxe8 22. b4 Nc6 23. b5 Na5 24. b6 Rh7 25. Rab1 Rb7 26. Rdc1 Kd7 27. Rb5 Nc6 28. a4 Nd4 29. Rb2 Nc6 30. Rd1 Na5 31. c5 Kc6 32. cxd6 Bxd6 33. Rc1+ Kd7 34. Rb5 Nc6 35. a5 Nd4 36. a6 Rb8 37. Rb2 Ra8 38. a7 h4 39. Kf1 Nc6 40. Ra1 Bb8 41. Rba2 Bxa7 42. bxa7 Kc7 43. Ke2 1-0

[Event "GER-ch U18 Girls"]
[Site "Willingen"]
[Date "2006.06.04"]
[Round "3"]
[White "Tischer, Jana"]
[Black "Jeremias, Bianca"]
[Result "0-1"]
[WhiteElo "1835"]
[BlackElo "1971"]
[PlyCount "66"]
[EventDate "2006.06.03"]
[EventType "swiss"]
[EventRounds "9"]
[EventCountry "GER"]
[SourceTitle "EXT 2007"]
[Source "ChessBase"]
[SourceDate "2006.11.23"]
[SourceVersion "1"]
[SourceVersionDate "2006.11.23"]
[SourceQuality "1"]

1. e4 e6 2. d4 d5 3. Nc3 Nf6 4. Bg5 Bb4 5. e5 h6 6. Bd2 Bxc3 7. bxc3 Ne4 8. Qg4 g6 9. Bd3 Nxd2 10. Kxd2 c5 11. h4 Nc6 12. h5 g5 13. f4 cxd4 14. Nf3 dxc3+ 15. Ke2 Qe7 16. fxg5 hxg5 17. Raf1 Bd7 18. Nxg5 Rg8 19. Rxf7 Qxg5 20. Qxg5 Rxg5 21. Bg6 0-0-0 22. Ke3 Nxe5 23. Rg7 Rf8 24. Kd4 Be8 25. h6 Nc6+ 26. Kc5 Rxg6 27. Kd6 Rh8 28. Rxg6 Bxg6 29. Kxe6 Bxc2 30. g4 d4 31. Kf6 Rh7 32. g5 Ne7 33. Re1 Kd7 0-1

[Event "GER-chT Lands U20"]
[Site "Bad Sulza"]
[Date "2004.11.19"]
[Round "7.5"]
[White "George, Tom"]
[Black "Tischer, Jana"]
[Result "1/2-1/2"]
[WhiteElo "1344"]
[BlackElo "1589"]
[PlyCount "127"]
[EventDate "2004.11.15"]
[EventType "team-swiss"]
[EventRounds "7"]
[EventCountry "GER"]
[SourceTitle "EXT 2006"]
[Source "ChessBase"]
[SourceDate "2005.11.24"]
[SourceVersion "1"]
[SourceVersionDate "2005.11.24"]
[SourceQuality "1"]

1. e4 c5 2. Nf3 Nc6 3. d4 cxd4 4. Nxd4 Nf6 5. Nc3 e5 6. Ndb5 d6 7. Bg5 a6 8. Na3 b5 9. Nd5 Be7 10. Bxf6 Bxf6 11. c3 Bg5 12. Nc2 0-0 13. h4 Bh6 14. g4 g6 15. g5 Bg7 16. Bh3 Ne7 17. Bxc8 Rxc8 18. Nce3 f5 19. Nxe7+ Qxe7 20. Qd5+ Kh8 21. f3 f4 22. Nc2 Rc5 23. Qd3 a5 24. Rd1 Rd8 25. Na3 b4 26. cxb4 axb4 27. Nc2 Qb7 28. Qb3 Rb5 29. Rh2 Qa7 30. Kf1 Qa6 31. Kg1 Ra8 32. Qc4 b3 33. axb3 Qb6+ 34. Kh1 Rxb3 35. Ne1 Rxb2 36. Rxb2 Qxb2 37. Rxd6 Qf2 38. Rd1 Qxh4+ 39. Kg1 Qxg5+ 40. Kf1 h6 41. Rd7 Qf6 42. Qd5 Qa6+ 43. Kf2 Qa2+ 44. Kf1 Qxd5 45. Rxd5 Ra1 46. Kf2 Ra4 47. Nd3 Rd4 48. Rxd4 exd4 49. Nxf4 g5 50. Nd3 Kh7 51. Kg3 Kg6 52. f4 gxf4+ 53. Kxf4 h5 54. Kf3 Kg5 55. Kg3 h4+ 56. Kh3 Bf8 57. e5 Kf5 58. Kxh4 Ke4 59. Nb2 Kxe5 60. Kg3 Ke4 61. Kf2 Ba3 62. Nc4 Bb4 63. Ke2 Bc3 64. Kd1 1/2-1/2

[Event "GER-ch U14 Girls"]
[Site "Willingen"]
[Date "2003.06.10"]
[Round "6"]
[White "Tischer, Jana"]
[Black "Giss, Helene"]
[Result "1-0"]
[WhiteElo "1619"]
[BlackElo "1542"]
[PlyCount "99"]
[EventDate "2003.06.08"]
[EventType "swiss"]
[EventRounds "9"]
[EventCountry "GER"]
[SourceTitle "CBM 094 Extra"]
[Source "ChessBase"]
[SourceDate "2003.07.09"]
[SourceVersion "2"]
[SourceVersionDate "2003.07.09"]
[SourceQuality "1"]

1. e4 Nf6 2. e5 Nd5 3. d4 d6 4. c4 Nb6 5. exd6 exd6 6. Nc3 Be7 7. Be3 Nc6 8. h3 Bf5 9. Nf3 Bf6 10. Be2 Qd7 11. 0-0 0-0 12. Rc1 Rad8 13. d5 Ne5 14. b3 Nxf3+ 15. Bxf3 Be5 16. Re1 Rfe8 17. Be4 Bxe4 18. Nxe4 Bb2 19. Rc2 Rxe4 20. Rxb2 Rde8 21. Rbe2 Nc8 22. Bd4 Rxe2 23. Rxe2 Rxe2 24. Qxe2 b6 25. Qg4 Qxg4 26. hxg4 Ne7 27. f3 Ng6 28. g3 Ne5 29. Kg2 Nd3 30. Be3 Nb4 31. Bd2 Nd3 32. Kf1 Kf8 33. Ke2 Ne5 34. Ke3 h6 35. Bc3 Ke7 36. Ke4 f6 37. Bxe5 fxe5 38. Kf5 Kf7 39. g5 g6+ 40. Kg4 h5+ 41. Kh3 a6 42. f4 Ke7 43. Kg2 Kf7 44. fxe5 dxe5 45. Kf3 Ke7 46. Ke4 Kd6 47. b4 a5 48. c5+ bxc5 49. bxc5+ Kxc5 50. Kxe5 1-0

[Event "GER-ch U14 Girls"]
[Site "Willingen"]
[Date "2003.06.10"]
[Round "5"]
[White "Zikeli, Saskia"]
[Black "Tischer, Jana"]
[Result "1/2-1/2"]
[WhiteElo "1830"]
[BlackElo "1619"]
[PlyCount "93"]
[EventDate "2003.06.08"]
[EventType "swiss"]
[EventRounds "9"]
[EventCountry "GER"]
[SourceTitle "CBM 094 Extra"]
[Source "ChessBase"]
[SourceDate "2003.07.09"]
[SourceVersion "2"]
[SourceVersionDate "2003.07.09"]
[SourceQuality "1"]

1. e4 c5 2. Nf3 Nc6 3. d4 cxd4 4. Nxd4 g6 5. Be3 Bg7 6. Nc3 Nf6 7. f3 0-0 8. Bc4 Qa5 9. Bb3 d6 10. Qd2 Bd7 11. 0-0-0 Rfc8 12. Kb1 a6 13. g4 b5 14. h4 Nxd4 15. Bxd4 b4 16. Nd5 Nxd5 17. Bxg7 Nc3+ 18. bxc3 bxc3 19. Qc1 Kxg7 20. h5 g5 21. Rd5 Qb4 22. Qxg5+ Kf8 23. Rhd1 Be6 24. R5d4 Qb5 25. Qxb5 axb5 26. Rb4 Ra5 27. Ka1 Rca8 28. a4 Bxb3 29. cxb3 bxa4 30. bxa4 Rxa4+ 31. Rxa4 Rxa4+ 32. Kb1 Ra3 33. Kc2 Kg7 34. f4 Ra4 35. Re1 Kf6 36. Kxc3 Ra2 37. g5+ Ke6 38. Rf1 Rg2 39. Kd3 f6 40. f5+ Kf7 41. g6+ Kg7 42. h6+ Kg8 43. g7 Rg3+ 44. Kd4 Ra3 45. Rc1 Ra8 46. Kd5 Kf7 47. Rc3 1/2-1/2

[Event "DLM U20 Girls"]
[Site "Werfen"]
[Date "2002.07.30"]
[Round "3.3"]
[White "Diebig, Maja"]
[Black "Tischer, Jana"]
[Result "1-0"]
[WhiteElo "1617"]
[BlackElo "1411"]
[PlyCount "61"]
[EventDate "2002.07.28"]
[EventType "team-swiss"]
[EventRounds "7"]
[EventCountry "GER"]
[SourceTitle "CBM 089 Extra"]
[Source "ChessBase"]
[SourceDate "2002.09.10"]
[SourceVersion "2"]
[SourceVersionDate "2002.09.10"]
[SourceQuality "1"]

1. d4 d5 2. c4 e6 3. Nc3 f5 4. Bf4 c6 5. e3 Nf6 6. Nf3 Be7 7. Be2 0-0 8. 0-0 Nbd7 9. Rb1 Ne4 10. Qc2 Ndf6 11. b4 Bd7 12. b5 Nxc3 13. Qxc3 Ne4 14. Qb2 g5 15. Be5 g4 16. Nd2 h5 17. bxc6 Bxc6 18. c5 h4 19. g3 hxg3 20. hxg3 Bg5 21. Kg2 Kf7 22. Rh1 Bf6 23. Rh7+ Ke8 24. Nxe4 dxe4 25. Bd6 Rh8 26. Rbh1 Rxh7 27. Rxh7 b6 28. Qb1 bxc5 29. dxc5 Qa5 30. Qh1 Rd8 31. Qh5# 1-0

[Event "GER-ch U14 Girls"]
[Site "Winterberg"]
[Date "2002.05.23"]
[Round "7"]
[White "Leinenbach, Janine"]
[Black "Tischer, Jana"]
[Result "1/2-1/2"]
[WhiteElo "1393"]
[BlackElo "1383"]
[PlyCount "94"]
[EventDate "2002.05.19"]
[EventType "swiss"]
[EventRounds "8"]
[EventCountry "GER"]
[SourceTitle "CBM 088 Extra"]
[Source "ChessBase"]
[SourceDate "2002.07.01"]
[SourceVersion "2"]
[SourceVersionDate "2002.07.01"]
[SourceQuality "1"]

1. e4 d5 2. exd5 Nf6 3. g3 Nxd5 4. Bg2 g6 5. Nf3 Bg7 6. c3 e5 7. d3 0-0 8. c4 Nb6 9. 0-0 Nc6 10. Be3 e4 11. dxe4 Bxb2 12. Nbd2 Bxa1 13. Qxa1 f6 14. Bh6 Rf7 15. Rd1 Qe7 16. Qc3 Be6 17. e5 Rd8 18. exf6 Qb4 19. Qxb4 Nxb4 20. Ng5 Rxf6 21. Nxe6 Rxe6 22. Bxb7 Nxc4 23. Rb1 Nc2 24. Nxc4 Re1+ 25. Rxe1 Nxe1 26. Ne5 Nc2 27. Nc6 Rd1+ 28. Kg2 Rb1 29. Bc8 Kf7 30. Nd8+ Kf6 31. f4 Ne1+ 32. Kf2 Nd3+ 33. Ke3 Nc5 34. Kd4 Na4 35. Bg5+ Kg7 36. Ne6+ Kf7 37. Nxc7 Rd1+ 38. Ke5 Re1+ 39. Kd6 Rd1+ 40. Nd5 Rxd5+ 41. Kxd5 Nb6+ 42. Kc6 Nxc8 43. Bd8 Ke8 44. Kc7 Nb6 45. Bg5 Nd5+ 46. Kb7 a5 47. a4 Nc3 1/2-1/2

[Event "GER-ch U14 Girls"]
[Site "Winterberg"]
[Date "2002.??.??"]
[Round "2"]
[White "Wipplinger, Christine"]
[Black "Tischer, Jana"]
[Result "0-1"]
[WhiteElo "1106"]
[BlackElo "1383"]
[PlyCount "37"]
[EventDate "2002.05.19"]
[EventType "swiss"]
[EventRounds "8"]
[EventCountry "GER"]
[SourceTitle "CBM 088 Extra"]
[Source "ChessBase"]
[SourceDate "2002.07.01"]
[SourceVersion "2"]
[SourceVersionDate "2002.07.01"]
[SourceQuality "1"]

1. e4 d5 2. exd5 Nf6 3. Nf3 Nxd5 4. d4 g6 5. c4 Nb6 6. Nc3 Bg7 7. h3 0-0 8. Bf4 Nc6 9. Nb5 e5 10. dxe5 Nxe5 11. Nxe5 Qe7 12. Qd4 f6 13. Bg3 fxe5 14. Qe4 Qb4+ 15. Nc3 Qxb2 16. Rd1 Qxc3+ 17. Rd2 Rd8 18. Bd3 Bf5 19. Qf3 0-1

[Event "GER-ch U12"]
[Site "Willingen"]
[Date "2001.06.09"]
[Round "11"]
[White "Schiwarth, Nino"]
[Black "Tischer, Jana"]
[Result "1/2-1/2"]
[WhiteElo "1508"]
[BlackElo "986"]
[PlyCount "30"]
[EventDate "2001.06.03"]
[EventType "swiss"]
[EventRounds "11"]
[EventCountry "GER"]
[SourceTitle "EXT 2003"]
[Source "ChessBase"]
[SourceDate "2002.11.25"]
[SourceVersion "1"]
[SourceVersionDate "2002.11.25"]
[SourceQuality "1"]

1. e4 d5 2. exd5 Nf6 3. d4 Nxd5 4. Nf3 g6 5. Be2 Bg7 6. 0-0 0-0 7. c4 Nb6 8. h3 Nc6 9. d5 Ne5 10. Nxe5 Bxe5 11. Nc3 Bg7 12. c5 Nd7 13. Be3 Nf6 14. Bf3 e5 15. Qd3 Bf5 1/2-1/2